000
00244nam a22001097a 4500
008
170113b xxu||||| |||| 00| 0 eng d
020
_a
9780803618688
041
_a
eng
080
_a
618.2
245
_a
MEDSURG NOTES
_c
HOPKINS, T
942
_2
udc
_c
BK
999
_c
2896
_d
2896